Nebe začíná v tobě : moudrost otců pouště / Anselm Grün ; [z německého originálu ... přeložila Jiřina Štouračová]
Knížka se obrací ke spiritualitě dávných křesťanských mnichů, v jejich výrocích a chování se snaží najít cestu dnešní etice.
Record details
- ISBN: 978-80-262-0351-3 (brož.)
- Physical Description: 106 s. : il. ; 21 cm
- Edition: Vyd. 2., V Portálu 1.
- Publisher: Praha : Portál, 2012
Content descriptions
| Bibliography, etc. Note: | Obsahuje bibliografii |
Search for related items by subject
| Genre: | pojednání citáty essays quotations |
Available copies
- 2 of 2 copies available at Common Catalog SPOK.
Holds
- 0 current holds with 2 total copies.
Other Formats and Editions
Show Only Available Copies
| Location | Call Number / Copy Notes | Barcode | Shelving Location | Status | Due Date |
|---|---|---|---|---|---|
| Jabok Library | PT-8.2 | 424480033194 | Odborná literatura | Available | - |
| Montessori Library | KNI0424 | 4614600424 | Chodba | Available | - |
Electronic resources
Version of Resource: Obsah
| LDR | 03302nam a2200889 a 4500 | ||
|---|---|---|---|
| 001 | 17973 | ||
| 003 | CZ-PrJAB | ||
| 005 | 20191220083903.0 | ||
| 007 | ta | ||
| 008 | 130108s2012 xr a e 000 0 cze | ||
| 015 | . | ‡acnb002435444 | |
| 020 | . | ‡a978-80-262-0351-3 (brož.) | |
| 035 | . | ‡a(CZ PrSKC)nkc20132435444 | |
| 035 | . | ‡a(OCoLC)842343530 | |
| 040 | . | ‡aABA001 ‡bcze ‡dBOA001 | |
| 041 | 1 | . | ‡acze ‡hger |
| 043 | . | ‡af-ua--- | |
| 045 | . | ‡ag-i- | |
| 072 | 7. | ‡a27-5 ‡xLiturgie. Křesťanské umění a symbolika. Duchovní život ‡2Konspekt ‡95 | |
| 080 | . | ‡a27-584.5 ‡2MRF | |
| 080 | . | ‡a27-58 ‡2MRF | |
| 080 | . | ‡a2-582/-587 ‡2MRF | |
| 080 | . | ‡a27-184 ‡2MRF | |
| 080 | . | ‡a2-587.7 ‡2MRF | |
| 080 | . | ‡a27-788-1/-9 ‡2MRF | |
| 080 | . | ‡a27-788-35 ‡2MRF | |
| 080 | . | ‡a27-29 ‡2MRF | |
| 080 | . | ‡a(620) ‡2MRF | |
| 080 | . | ‡a(049) ‡2MRF | |
| 080 | . | ‡a(0:82-84) ‡2MRF | |
| 100 | 1 | . | ‡aGrün, Anselm, ‡d1945- ‡7jn19990002960 ‡4aut |
| 245 | 1 | 0. | ‡aNebe začíná v tobě : ‡bmoudrost otců pouště / ‡cAnselm Grün ; [z německého originálu ... přeložila Jiřina Štouračová] |
| 246 | 3 | 0. | ‡aMoudrost otců pouště |
| 250 | . | ‡aVyd. 2., V Portálu 1. | |
| 260 | . | ‡aPraha : ‡bPortál, ‡c2012 | |
| 300 | . | ‡a106 s. : ‡bil. ; ‡c21 cm | |
| 504 | . | ‡aObsahuje bibliografii | |
| 520 | 9 | . | ‡aKnížka se obrací ke spiritualitě dávných křesťanských mnichů, v jejich výrocích a chování se snaží najít cestu dnešní etice. |
| 648 | 4. | ‡a3.-5. stol. | |
| 650 | 0 | 7. | ‡aduchovní cesta ‡7ph119626 ‡2czenas |
| 650 | 0 | 7. | ‡akřesťanská spiritualita ‡7ph138493 ‡2czenas |
| 650 | 0 | 7. | ‡asebepoznání ‡7ph116116 ‡2czenas |
| 650 | 0 | 7. | ‡aBůh a člověk ‡7ph116953 ‡2czenas |
| 650 | 0 | 7. | ‡aduchovní zkušenosti ‡7ph547723 ‡2czenas |
| 650 | 0 | 7. | ‡amnišský život ‡7ph115336 ‡2czenas |
| 650 | 0 | 7. | ‡apoustevníci ‡7ph124438 ‡zEgypt ‡y3.-5. stol. ‡2czenas |
| 650 | 0 | 7. | ‡aduchovní literatura ‡7ph114373 ‡y3.-5. stol. ‡2czenas |
| 650 | 0 | 7. | ‡akřesťanská literatura ‡7ph122098 ‡y3.-5. stol. ‡2czenas |
| 650 | 0 | 9. | ‡aspiritual path ‡2eczenas |
| 650 | 0 | 9. | ‡aChristian spirituality ‡2eczenas |
| 650 | 0 | 9. | ‡aself-consciousness ‡2eczenas |
| 650 | 0 | 9. | ‡arelations between God and man ‡2eczenas |
| 650 | 0 | 9. | ‡aspiritual experiences ‡2eczenas |
| 650 | 0 | 9. | ‡amonkish life ‡2eczenas |
| 650 | 0 | 9. | ‡ahermits ‡zEgypt ‡y3rd-5th centuries ‡2eczenas |
| 650 | 0 | 9. | ‡aspiritual literature ‡y3rd-5th centuries ‡2eczenas |
| 650 | 0 | 9. | ‡aChristian literature ‡y3rd-5th centuries ‡2eczenas |
| 655 | 7. | ‡apojednání ‡7fd133056 ‡2czenas | |
| 655 | 7. | ‡acitáty ‡7fd131832 ‡2czenas | |
| 655 | 9. | ‡aessays ‡2eczenas | |
| 655 | 9. | ‡aquotations ‡2eczenas | |
| 700 | 1 | . | ‡aŠtouračová, Jiřina, ‡d1957- ‡7mub2011617919 ‡4trl |
| 765 | 0 | . | ‡tHimmel beginnt in dir ‡9Česky |
| 856 | 4 | 1. | ‡uhttp://www.obalkyknih.cz/file/toc/67691/pdf ‡yObsah |
| 910 | . | ‡aABG323 | |
| 901 | . | ‡a17973 ‡bCZ-PrJAB ‡c17973 ‡tbiblio | |